| 000 | 00398nam a2200157 i 4500 | ||
|---|---|---|---|
| 001 | bg | ||
| 100 | 1 | _aCOLLINS, V. H. | |
| 245 | 0 |
_aA third book of English idioms / _cby V. H. Collins. |
|
| 260 |
_aLondon : _bLongmans, _c1969. |
||
| 650 | 9 |
_aJęzyk angielski _xfrazeologia |
|
| 040 | _cBPK | ||
| 041 | _apol | ||
| 080 | _a811.111'373.7 | ||
| 942 | _cKS | ||
| 008 | s pl f |000 0 pol | ||
| 999 |
_c8770 _d8770 |
||